| 000 | 00702cam a22002413a 4500 | ||
|---|---|---|---|
| 001 | 31506 | ||
| 003 | PGUSA | ||
| 005 | 20140828083700.0 | ||
| 008 | 100304s2010||||xxu|||||s|||||000 | eng d | ||
| 040 |
_aPGUSA _beng |
||
| 042 | _adc | ||
| 050 | 4 | _aPS | |
| 100 | 1 |
_aWoodman, H. Rea _q(Hannah Rea), _d1870- |
|
| 245 | 1 | 4 |
_aThe Sweet Girl Graduates : _bA Farce in Three Acts and an Epilogue _h[electronic resource] / _cH. Rea Woodman |
| 260 |
_bProject Gutenberg, _c2010 |
||
| 506 | _aPublic domain in the USA. | ||
| 516 | _aElectronic text | ||
| 653 | _aAmerican drama | ||
| 653 | _aComedies | ||
| 830 | 0 |
_aProject Gutenberg _v31506 |
|
| 856 | 4 | 0 | _uhttp://www.gutenberg.org/ebooks/31506 |
| 942 | _cEB | ||
| 999 |
_c260761 _d260761 |
||